| Tag |
First Indicator |
Second Indicator |
Subfields |
| LEADER |
00000cam a22000001a 4500 |
| 001 |
in00003669997 |
| 005 |
20190408174122.0 |
| 006 |
m o d f |
| 007 |
cr bn mmmapmmp |
| 008 |
141124m19121913dcu o f000 0 eng d |
| 035 |
|
|
|a ebd191006705
|
| 040 |
|
|
|a UMI
|c UMI
|d UtOrBLW
|
| 086 |
0 |
|
|a T 7.1:913
|
| 099 |
|
|
|a T7.1-15
|
| 110 |
1 |
|
|a United States.
|b Auditor for State and Other Departments.
|0 http://id.loc.gov/authorities/names/n81048292
|
| 245 |
1 |
0 |
|a Annual report of Auditor for State and Other Departments for fiscal year ended June 30, 1913.
|
| 264 |
|
1 |
|a [Washington] :
|b GPO,
|c 1912-1913.
|
| 300 |
|
|
|a 1 online resource (7 pages)
|
| 336 |
|
|
|a text
|b txt
|2 rdacontent
|
| 337 |
|
|
|a computer
|b c
|2 rdamedia
|
| 338 |
|
|
|a online resource
|b cr
|2 rdacarrier
|
| 500 |
|
|
|a Reports review the activities of the State Department and various other departments, agencies, boards and commissions. All reports except FY 1919 include data on number and value of claims cases, and financial account between D.C. and U.S. Government.
|
| 533 |
|
|
|a Electronic reproduction.
|b [Bethesda, Md.] :
|c ProQuest,
|d 2014.
|e digital, PDF file.
|n ProQuest U.S. Executive Branch Documents
|n Mode of access: World Wide Web via ProQuest website.
|
| 588 |
|
|
|a Record is based on online resource; title from PDF title page (ProQuest, last viewed Nov. 2014). Reuse except for individual research requires license from ProQuest, LLC.
|
| 500 |
|
|
|a Electronic resource.
|
| 650 |
|
0 |
|a Claims.
|0 http://id.loc.gov/authorities/subjects/sh85026530
|
| 655 |
|
7 |
|a Electronic books.
|2 local
|
| 856 |
4 |
0 |
|u http://proxy.library.tamu.edu/login?url=http://congressional.proquest.com/congressional/docview/t66.d71.t7.1-15
|z Connect to the full text of this electronic document
|t 0
|
| 999 |
f |
f |
|s 145f242d-a772-3f8c-b23f-32420ecbbbcc
|i 2ef9d3ff-fa63-3cca-b7dd-3b8692d02960
|t 0
|
| 952 |
f |
f |
|a Texas A&M University
|b College Station
|c Electronic Resources
|d Available Online
|t 0
|h No information provided
|
| 998 |
f |
f |
|t 0
|l Available Online
|